• 首页
  • 本馆介绍
  • 公告通知
  • 最新文献
  • 馆藏检索
  • 电子资源
  • 读者导购
  • 参考咨询
  • 我的图书馆
  • 登录
  • 详细信息显示
  • 放入我的书架
  • 预约/预借图书
  • 作者相关作品
  • 分类相关作品
  • 丛书相关作品
  • 出版社相关作品

书目信息

  • 表格格式
  • 工作单格式
  • 卡片格式
题名:
中国艺术地图
    
 
作者: 李允翊 , 卢小永 编著
分册:  
出版信息: 北京   光明日报出版社  2005
页数: 245页
开本: 23cm
丛书名: 彩色中国文化地图
单 册:
中图分类: J120.92
科图分类:
主题词: 艺术史 , 艺术史--中国--古代--通俗读物
电子资源:
ISBN: 7-80145-915-6
000 00935oam2 2200277 450
001 002858645
005 20070803112241.37
010    @a7-80145-915-6@dCNY29.80
100    @a20050410d2005 em y0chiy0110 ea
101 0  @achi
102    @aCN@b110000
105    @aab z 000yy
200 1  @a中国艺术地图@9zhong guo yi shu di tu@e彩图版@f李允翊,卢小永编著
210    @a北京@c光明日报出版社@d2005
215    @a245页@c彩图,地图@d23cm
225 2  @a彩色中国文化地图
330    @a本书应用地图的理念,以全新视角来解读中国古代艺术,向读者展示了从敦煌到富春江,从宗教绘画到山水绘画,从原始的岩画到近代的书法艺术等诸多艺术形式。
461  0 @12001 @a彩色中国文化地图
510 1  @aThe Map of China Art@zeng
606 0  @a艺术史
606 0  @a艺术史@y中国@z古代@j通俗读物
690    @aJ120.92@v4
701  0 @a李允翊@9li yun yi@4编著
701  0 @a卢小永@9lu xiao yong@4编著
801  0 @aCN@bNLC@c20070803
905    @a10447@dJ120.92@e86
    
    中国艺术地图:彩图版/李允翊,卢小永编著.-北京:光明日报出版社,2005
    245页:彩图,地图;23cm.-(彩色中国文化地图)
    
    
    ISBN 7-80145-915-6:CNY29.80
    本书应用地图的理念,以全新视角来解读中国古代艺术,向读者展示了从敦煌到富春江,从宗教绘画到山水绘画,从原始的岩画到近代的书法艺术等诸多艺术形式。
●
相关链接 在E读中查询图书 在五车中查询图书 在当当中查询图书 在豆瓣中查询图书


正题名:中国艺术地图     索取号:J120.92/86         预约/预借

序号 登录号 条形码 馆藏地/架位号 状态 备注
1 0801804   208018045   第一样本阅览室/ [索取号:J120.92/86] 在馆    
2 0801805   208018054   第一借阅区/ [索取号:J120.92/86] 在馆    
3 0801806   208018063   第一借阅区/ [索取号:J120.92/86] 在馆    
4 0801807   208018072   第一借阅区/ [索取号:J120.92/86] 在馆    
5 0801808   208018081   第一借阅区/ [索取号:J120.92/86] 在馆    
6 0801809   208018090   第一借阅区/ [索取号:J120.92/86] 在馆    
7 0801810   208018107   第一借阅区/ [索取号:J120.92/86] 在馆    
8 0801811   208018116   密集书库-美术系/ [索取号:J120.92/86] 在馆    
9 0801812   208018125   密集书库-美术系/ [索取号:J120.92/86] 在馆    
10 0801813   208018134   密集书库-美术系/ [索取号:J120.92/86] 在馆    
唐山师范学院图书馆 欢迎您!
大连网信软件有限公司© 版权所有